00639nam a2200181Ia 4500008004100000020001800041041000800059082001600067100002100083245007000104260004000174300001500214365001200229650001600241906003100257999001900288952015000307210719s2003 xx 000 0 und d a81-7371-444-4 aeng a510KAK GARG aGARDNER (Martin) aGardner's workout: training the mind and entertaining the spirit. aHyderabadbUniversities Pressc2003 axi,319bPB b195cRs aMathematics aMathematical Games Puzzles c213809d213809 001040708MathematicsaALbALd2004-01-14eSchool Book Company, Mangalore.g195.00l0o510KAK GARGpD02362r2021-07-19 00:00:00w2021-07-19yDB